Дизайн-проектирование комплекта осветительных приборов для жилых и общественных помещений; Молодежь и современные информационные технологии

Bibliografiske detaljer
Parent link:Молодежь и современные информационные технологии.— 2024.— С. 340-345
Hovedforfatter: Плещинская А. И.
Andre forfattere: Васильева М. О. Марианна Олеговна
Summary:Данная статья рассматривает проблему зонирования помещения с помощью различных световых сценариев. В публикации исследованы современные источники света, проведен анализ характеристик и формы ламп, а также предложено проектное решение комфортного светосценария и конструкция светильников
Текстовый файл
Sprog:russisk
Udgivet: 2024
Serier:Цифровой дизайн и VR технологии
Fag:
Online adgang:http://earchive.tpu.ru/handle/11683/84852
Format: MixedMaterials Electronisk Book Chapter
KOHA link:https://koha.lib.tpu.ru/cgi-bin/koha/opac-detail.pl?biblionumber=675635

MARC

LEADER 00000naa2a2200000 4500
001 675635
005 20250226134614.0
090 |a 675635 
100 |a 20241017d2024 k||y0rusy50 ca 
101 0 |a rus 
102 |a RU 
135 |a drbn ---uucaa 
200 1 |a Дизайн-проектирование комплекта осветительных приборов для жилых и общественных помещений  |f Плещинская А. И., Васильева М. О. 
225 1 |a Цифровой дизайн и VR технологии 
283 |2 RDAcarrier 
320 |a Список литературы: 5 назв 
330 |a Данная статья рассматривает проблему зонирования помещения с помощью различных световых сценариев. В публикации исследованы современные источники света, проведен анализ характеристик и формы ламп, а также предложено проектное решение комфортного светосценария и конструкция светильников 
336 |a Текстовый файл 
463 |0 674802  |9 674802  |c Томск  |d 2024  |n Изд-во ТПУ  |o сборник трудов XXI Международной научно-практической конференции студентов, аспирантов и молодых ученых, 15–18 апреля 2024 г., Томск  |t Молодежь и современные информационные технологии  |u conference_tpu-2024-C04.pdf  |v С. 340-345  |f ред. кол. А. С. Фадеев, Н. Г. Марков, В. Г. Спицын [и др.] 
610 1 |a электронный ресурс 
610 1 |a труды учёных ТПУ 
610 1 |a световой сценарий 
610 1 |a концепция 
610 1 |a формообразование 
610 1 |a эргономика светильников 
700 1 |a Плещинская  |b А. И. 
701 1 |a Васильева  |b М. О.  |c специалист в области информатики и вычислительной техники  |c старший преподаватель Томского политехнического университета  |g Марианна Олеговна  |f 1971-  |9 88719 
801 0 |a RU  |b 63413507  |c 20241017 
850 |a 63413507 
856 4 |u http://earchive.tpu.ru/handle/11683/84852  |z http://earchive.tpu.ru/handle/11683/84852 
942 |c CF